00466 a2200157 4500010001400000020002300014035001300037037001500050082001100065100001800076245005400094260003600148270004500184300004200229490003700271 aENG-89638 a8181574966c500.00 aEN-73171 bDBAD / PUB14a808.881 aSwamy, K.R.N.1 aAfter ambassadors, before dukes/cby K.R.N. Swamy aKolkatabWriters Workshopc2006 a162/92, Lake Gardens,bKolkattae700 045 a267p.:c22 cm ( Hb.)bb&w, col.photos aA Writers Workshop greybird book